000
00364cam a2200157ua 4500
041
_a
eng
_h
082
_a
823.308
_b
JOY/UL
100
_a
Joyce, James .
245
_a
Ulysses /
_c
James Joyce.
_h
Textual Documents
260
_a
London :
_b
The Bodley Head ,
_c
1962.
300
_a
939 ; .
504
_a
942
_c
BK
999
_c
990
_d
990